=LDR 00000nam 2200000 4500 =001 INLIS000000000002552 =005 20130612090900 =008 ***********************************Ind** =035 ##$$0010-061300000002552 =041 ##$$a Ind =082 ##$$a 616.95 =090 ##$$a 616.95, Uto p =100 ##$$a Utomo, Budi =245 ##$$a Penyakit kelamin, yang perlu anda ketahui, Budi Utomo =260 ##$$a 1983 $b Jakarta =300 ##$$a 20 hlm, ilus, 21 cm =650 ##$$a Penyakit Kelamin =850 ##$$a NBPNMAT